000 01004nam a2200253 a 4500
001 BRCA_1493
005 20190320203443.0
008 160508s2006----us-a---###---#000-0#eng-#
050 4 _aNK4718
_b.A73 2006
100 1 _aArdren, Traci
_94876
245 1 0 _aFlowers for the Earth Lord
_bGuatemalan Textiles from the Permanent Collection
_cby Traci Ardren ; with photographs by Jeffrey J. Foxx.
260 _aCoral Gables, Florida
_bLowe Art Museum, University of Miami
_c2006
300 _a164 p.
_bil. a color
_c28 cm.
500 _aCatálogo de la exposición realizada en The Lowe Art Museum (Miami), 23 septiembre - 12 noviembre, 2006
500 _aIncluye glosario
504 _aBibliografía : p. 161
546 _aTexto en : inglés y español
610 2 4 _aMuseo de Arte Lowe (Miami)
_xColecciones de textiles
_94877
650 1 4 _aVestidos mayas
_94878
650 1 4 _aArte textil
_zGuatemala
_94879
650 1 4 _aIndumentaria indígena
_94880
700 1 _aFoxx, Jeffrey J
_94881
942 _2lcc
_cB
999 _c1354
_d1354